000
00249nam a2200097Ia 4500
001
1098387
005
20250827003110.0
008
250824s9999 xx 000 0 und d
245
0
_a
OĞUZ KAĞAN
_c
AHMET HALDUN TERZİOĞLU
260
_b
PANAMA YAYINLARI
999
_c
1098387
_d
1098387